Famous Georges - Statistics

General Stats
  • This quiz has been taken 71 times
  • The average score is 13 of 25
Answer Stats
Hint Answer % Correct
First President of the United States George Washington
97%
American filmmaker who created the Star Wars franchise George Lucas
94%
President who presided over the US invasion of Iraq in 2003 George W. Bush
94%
Boxer who faced off against Muhammad Ali in the Rumble in the Jungle George Foreman
84%
Half of Wham! George Michael
82%
One of the Fab Four George Harrison
79%
Dystopian English writer born Eric Arthur Blair George Orwell
79%
American actor and director who gained recognition with his starring role as Dr Doug Ross in E.R. George Clooney
70%
Androgynous English musician who found fame as the lead singer of the Culture Club Boy George
69%
Minneapolis resident whose murder at the hands of the police triggered the international Black Lives Matter protests in 2020 George Floyd
58%
Author of the 'Song of Fire and Ice' book series George R.R. Martin
55%
WWII American general known as "Old Blood and Guts" George S. Patton
49%
Actor who played Mr. Sulu in Star Trek George Takei
49%
Irish playwright who wrote 'Pygmalion' George Bernard Shaw
48%
Baroque composer known for his "Messiah" and "Water Music" suites George Frideric Handel
46%
Hungarian-American financier who is frequently the target of conspiracy theories George Soros
46%
Former professional footballer who served as President of Liberia from 2018 to 2024 George Weah
40%
English author, born Mary Ann Evans, who wrote "The Mill On The Floss" George Eliot
34%
President of France from 1969 to 1974 Georges Pompidou
30%
Horror director widely known as the father of the zombie movie genre George A. Romero
21%
Gruff American actor who starred as General Buck Turgidson in Dr. Strangelove George C. Scott
18%
Controversial British politician known for his rigid anti-Israel and pro-Palestinian rhetoric George Galloway
18%
Democrat nominee for President during the 1972 US election George McGovern
15%
Secretary of State under President Ronald Reagan George Schultz
4%
American diplomat who recommended the Truman Administration adopt a policy of "containment" towards the USSR in his 1946 'Long Telegram' George Kennan
3%
No matching quizzes found
Score Distribution
Percent of People with Each Score
Percentile by Number Answered
Your Score History
You have not taken this quiz